000 00833cam a2200253 4500
008 020415n1997 000 0 eng u
020 _a1873394276
035 _a(Sirsi) u117485
041 _aeng.
050 _a691.2
100 _aPasley, C.
245 _aObservations on limes
260 _aDonhead
_bDonhead
_c1997
300 _a158p.
_c22cm.
350 _a23.00
520 _aFirst published in 1838, this study presents research and analysis looking into the durability and effectiveness of limes, calcareous cements and mortars, in the context of 19th-century military buildings suffering from prolonged exposure to water.
650 _aLIME
650 _aCEMENT
650 _aDURABILITY
650 _aMILITARY BUILDINGS
650 _aMORTARS
690 _aBUILT ENVIRONMENT-BUILDING MATERIALS
942 _n0
999 _c102001
_d102001